000 00990naa a22002537u 4500
001 06748
003 HDC
007 cr bn ---aaaaa
008 210124t2001 ce 000 0 eng
040 _aHDC
245 0 _aBiological control of post-harvest diseases of orange and lily
260 _aChina :
_bFFTC Research Highlights,
_c2001
336 _atext
_2rdacontent
337 _acomputer
_2rdamedia
338 _aonline resource
_2rdacarrier
650 _aAgriculture
_xTrade and manufacture
_99341
650 _aFood industry and trade
_9140
650 _aPlants
_97114
856 _zRequest full-text at [email protected]
856 _zRequest full-text at [email protected]
942 _2lcc
942 _cEIS
942 _kEMAG 000354
999 _c4072
_d4072